00723nam a2200241 a 4500001001300000003000900013005001700022008004100039020002600080082001600106100002300122245004000145260003100185300000900216500003500225505003000260650002200290700002300312902000800335942000700343952011600350999001500466nice12345678IN_TiNIC20260116011628.0050524s1959 lona grp 000 0 eng  a014051 c222.7500a220.93bGRO aGrollenberg, Luc H aPenguin Shorter Atlas of the Bible. aLondonbPenguin Bookc1959 a264p aincludes index and biblioraphy2 aPerson, Places and things aBible-Archaeology1 aGrollenberg, Luc H bSRS cBK 001040708StackRoom-aHMIbHMId2007-06-18g222.75l0o220.93 GROp09093r2007-06-18v222.75w2005-05-24yBK c2989d2989